00373nam a2200109Ia 4500082001500000245004000015100004700055942000700102008004100109999001700150952009600167 aJ 534 WOOD 0aExperiments with sound and hearing  a WOODFORD, Chris New York, 2010 917089 cBK210816s9999 xx 000 0 und d c81738d81738 00104070aHLHLLbHLHLLd2021-08-17g190.00l0p33228019467214r2021-08-17w2021-08-17yBK